<?xml version="1.0" encoding="UTF-8"?>
<record
    xmlns:xsi="http://www.w3.org/2001/XMLSchema-instance"
    xsi:schemaLocation="http://www.loc.gov/MARC21/slim http://www.loc.gov/standards/marcxml/schema/MARC21slim.xsd"
    xmlns="http://www.loc.gov/MARC21/slim">

  <leader>00653nam a2200193Ia 4500</leader>
  <controlfield tag="003">LK-CoDNM</controlfield>
  <controlfield tag="005">20241128115642.0</controlfield>
  <controlfield tag="008">010623t    xxu||||| |||| 00| 1 sin d</controlfield>
  <datafield tag="040" ind1=" " ind2=" ">
    <subfield code="a">LK-CoDNM</subfield>
    <subfield code="d">LK-CoDNM</subfield>
    <subfield code="e">LK-CoDNM</subfield>
  </datafield>
  <datafield tag="041" ind1=" " ind2=" ">
    <subfield code="a">sin</subfield>
  </datafield>
  <datafield tag="080" ind1=" " ind2=" ">
    <subfield code="a">294.32 </subfield>
    <subfield code="b">GNA</subfield>
  </datafield>
  <datafield tag="100" ind1=" " ind2=" ">
    <subfield code="a">&#xD85;&#xDAD;&#xDD4;&#xDBB;&#xDD4;&#xD9C;&#xDD2;&#xDBB;&#xDD2;&#xDBA;&#xDDA; &#xDC1;&#xDCA;&#x200D;&#xDBB;&#xDD3; &#xDA5;&#xDCF;&#xDB1;&#xDC0;&#xDD2;&#xDB8;&#xDBD; &#xDC4;&#xDD2;&#xDB8;&#xDD2;</subfield>
  </datafield>
  <datafield tag="245" ind1=" " ind2=" ">
    <subfield code="a">&#xDB8;&#xDBB;&#xDAB;&#xDBA;&#xDD9;&#xDB1;&#xDCA; &#xDC3;&#xDD2;&#xDBA;&#xDBD;&#xDCA;&#xDBD; &#xD85;&#xDC0;&#xDC3;&#xDB1;&#xDCA; &#xDC0;&#xDDA;&#xDAF;?</subfield>
  </datafield>
  <datafield tag="246" ind1=" " ind2=" ">
    <subfield code="a">Maranayen Siyalla Avasan Weda.</subfield>
  </datafield>
  <datafield tag="260" ind1=" " ind2=" ">
    <subfield code="b">&#xDB6;&#xDDE;&#xDAF;&#xDCA;&#xDB0; &#xD9C;&#xDCA;&#x200D;&#xDBB;&#xDB1;&#xDCA;&#xDAE; &#xDB4;&#xDCA;&#x200D;&#xDBB;&#xD9A;&#xDCF;&#xDC1;&#xDB1; &#xDC3;&#xDB8;&#xDD2;&#xDAD;&#xDD2;&#xDBA;</subfield>
  </datafield>
  <datafield tag="300" ind1=" " ind2=" ">
    <subfield code="b">40p. ; 16 cm</subfield>
  </datafield>
  <datafield tag="650" ind1=" " ind2=" ">
    <subfield code="a">Buddhism</subfield>
  </datafield>
  <datafield tag="942" ind1=" " ind2=" ">
    <subfield code="c">BK</subfield>
  </datafield>
  <datafield tag="952" ind1=" " ind2=" ">
    <subfield code="0">0</subfield>
    <subfield code="1">0</subfield>
    <subfield code="4">1</subfield>
    <subfield code="7">0</subfield>
    <subfield code="8">OBC</subfield>
    <subfield code="a">MAIN</subfield>
    <subfield code="b">MAIN</subfield>
    <subfield code="c">REF</subfield>
    <subfield code="d">2024-11-27</subfield>
    <subfield code="l">0</subfield>
    <subfield code="o">294.32  GNA</subfield>
    <subfield code="p">OB9019</subfield>
    <subfield code="r">2024-11-28</subfield>
    <subfield code="w">2024-11-28</subfield>
    <subfield code="y">BK</subfield>
  </datafield>
  <datafield tag="999" ind1=" " ind2=" ">
    <subfield code="c">140187</subfield>
    <subfield code="d">140187</subfield>
  </datafield>
</record>
